Film con maggiori incassi nel 2015 - Statistics

Statistiche generali
  • Questo quiz è stato fatto 3 volte
  • Il punteggio medio è 3 su 10
Statistiche sulle risposte
Incasso ($) Film % Corretto
2 068 223 624 Star Wars: Il risveglio della Forza
100%
1 402 805 868 Avengers: Age of Ultron
50%
682 714 267 Mission: Impossible - Rogue Nation
50%
630 161 890 Sopravvissuto - The Martian
50%
880 674 609 Spectre
50%
1 515 047 671 Fast & Furious 7
0%
653 428 261 Hunger Games: Il canto della rivolta - Parte II
0%
857 611 174 Inside Out
0%
1 670 400 637 Jurassic World
0%
1 159 398 397 Minions
0%
Nessun quiz corrispondente trovato
Distribuzione punteggi
Percentuale di utenti per punteggio
Percentile per numero di risposta
I tuoi punteggi nel tempo
Non hai fatto questo quiz